|
|
|
|
| LEADER |
00000nam a2200000 a 4500 |
| 001 |
UCH1329 |
| 003 |
CL-VaPUC |
| 008 |
090420e20070800US |||||||||||||||||eng|d |
| 020 |
|
|
|a 9780312425074
|
| 082 |
0 |
4 |
|a 303.4
|b FRI
|2 21
|
| 100 |
0 |
|
|a Friedman, Thomas L
|e author
|9 535762
|
| 245 |
1 |
4 |
|a The world is flat: A brief history of the Twenty-first Century
|
| 250 |
|
|
|a 1a. ed
|
| 300 |
|
|
|a 660 p
|
| 942 |
|
|
|c BK
|
| 945 |
|
|
|d 20090420 00:00:00
|a dcastane
|
| 260 |
|
|
|a Nueva York
|b Picador
|c 2007
|
| 650 |
|
0 |
|a Cambio social
|9 256857
|
| 650 |
|
0 |
|a Globalización
|9 361930
|
| 650 |
|
0 |
|a Desarrollo económico y social
|9 256320
|
| 650 |
|
0 |
|a Problemas sociales
|9 258537
|
| 583 |
|
|
|a last modification
|c 20090420 00:00:00
|k Rodrigo Vera
|
| 999 |
|
|
|c 333379
|d 333377
|
| 952 |
|
|
|0 0
|1 0
|4 0
|6 303_400000000000000_FRI_2007
|7 0
|8 A
|9 421733
|a BIBHIS
|b BIBHIS
|d 2019-11-22
|i 4518233
|o 303.4 FRI 2007
|p 4518233
|r 2025-01-20
|w 2019-11-22
|y BK
|k HIS
|